000 00676nam a2200205 i 4500
001 104446
003 ES-MaACL
005 20230906183615.0
007 t|
008 051130s1932 sp ||||1| spa d
100 1 _aMillares Carlo, Agustín,
_d1893-1980
_981176
245 1 0 _aTratado de paleografía española /
_cpor Agustín Millares Carlo.
250 _a2ª ed. corr. y aum.
260 _aMadrid :
_bHernando,
_c1932.
300 _a2 v. :
_bil. ;
_c25 cm.
505 8 _aContiene: Vol. 1º Texto: 535 pág. -- Vol. 2º Láms.: (VIII pág. + 121 lám.)
650 0 4 _aPaleografía-
_zEspaña.
_915804
852 _aES-MaACL
_jA-1312-13
999 _c104446
_d104446